Ako vyplniť daňové priznanie k dani z príjmov právnických osôb za rok 1999

Základné pravidlá pre stanovenie základu dane a daňovej povinnosti právnických osôb (PO). Náplň jednotlivých riadkov daňového priznania. Praktický príklad na vyplnenie daňového priznania k dani z príjmov PO za zdaňovacie obdobie roku 1999.

Gespeichert in:
Bibliographische Detailangaben
1. Verfasser: Luknárová - Kutišová, Dalila
Format: Buchkapitel
Sprache:Slowakisch
Schlagworte:
Tags: Tag hinzufügen
Keine Tags, Fügen Sie das erste Tag hinzu!

MARC

LEADER 00000naa a2200000 4500
001 r037688
005 20231002072620.0
041 0 |a slo 
044 |a SK 
245 1 0 |a Ako vyplniť daňové priznanie k dani z príjmov právnických osôb za rok 1999  |c Dalila Luknárová 
520 |a Základné pravidlá pre stanovenie základu dane a daňovej povinnosti právnických osôb (PO). Náplň jednotlivých riadkov daňového priznania. Praktický príklad na vyplnenie daňového priznania k dani z príjmov PO za zdaňovacie obdobie roku 1999. 
610 2 0 |a dane z príjmov 
610 2 0 |a osoby právnické 
610 2 0 |a priznania daňové 
610 2 0 |a zákony 
610 2 0 |a Slovensko 
610 2 0 |a 1999 
100 1 |a Luknárová - Kutišová, Dalila